<?xml version="1.0" encoding="UTF-8"?><?xml-stylesheet type="text/xsl" href="static/style.xsl"?><OAI-PMH xmlns="http://www.openarchives.org/OAI/2.0/" xmlns:xsi="http://www.w3.org/2001/XMLSchema-instance" xsi:schemaLocation="http://www.openarchives.org/OAI/2.0/ http://www.openarchives.org/OAI/2.0/OAI-PMH.xsd"><responseDate>2026-06-01T09:55:15Z</responseDate><request verb="GetRecord" identifier="oai:riuma.uma.es:10630/13053" metadataPrefix="marc">https://riuma.uma.es/rest/oai/request</request><GetRecord><record><header><identifier>oai:riuma.uma.es:10630/13053</identifier><datestamp>2026-02-03T12:25:36Z</datestamp><setSpec>com_10630_2254</setSpec><setSpec>col_10630_37959</setSpec></header><metadata><record xmlns="http://www.loc.gov/MARC21/slim" xmlns:dcterms="http://purl.org/dc/terms/" xmlns:doc="http://www.lyncode.com/xoai" xmlns:xsi="http://www.w3.org/2001/XMLSchema-instance" xsi:schemaLocation="http://www.loc.gov/MARC21/slim http://www.loc.gov/standards/marcxml/schema/MARC21slim.xsd">
   <leader>00925njm 22002777a 4500</leader>
   <datafield ind2=" " ind1=" " tag="042">
      <subfield code="a">dc</subfield>
   </datafield>
   <datafield ind2=" " ind1=" " tag="720">
      <subfield code="a">Martín-Rojo, Inmaculada Concepción</subfield>
      <subfield code="e">author</subfield>
   </datafield>
   <datafield ind2=" " ind1=" " tag="720">
      <subfield code="a">Gaspar-González, Ana Isabel</subfield>
      <subfield code="e">author</subfield>
   </datafield>
   <datafield ind2=" " ind1=" " tag="260">
      <subfield code="c">2017-02-13</subfield>
   </datafield>
   <datafield ind2=" " ind1=" " tag="520">
      <subfield code="a">El presente trabajo de investigación presenta, a partir de una revisión de la literatura existente, el&#xd;
marco conceptual y el estado de la cuestión de la problemática de los recursos humanos en las&#xd;
empresas globalizadas, haciendo especial referencia a la expatriación y repatriación de directivos.&#xd;
En base a ello y a una base de datos recogidos en el periodo 2010-2015, se identifican los&#xd;
principales factores a considerar en los procesos de expatriación-repatriación, y se lleva a cabo un&#xd;
estudio empírico a partir del análisis de casos, tomando como muestra las empresas del petróleo y&#xd;
la energía del IBEX 35. Finalmente, a partir de las conclusiones obtenidas con este estudio teóricoempírico,&#xd;
se formulan una serie de propuestas para que la movilidad internacional de los recursos&#xd;
humanos constituya una ventaja competitiva para las organizaciones y para el desarrollo de cada&#xd;
individuo</subfield>
   </datafield>
   <datafield ind1="8" ind2=" " tag="024">
      <subfield code="a">http://hdl.handle.net/10630/13053</subfield>
   </datafield>
   <datafield ind1="8" ind2=" " tag="024">
      <subfield code="a">http://orcid.org/0000-0002-0042-9566</subfield>
   </datafield>
   <datafield tag="653" ind2=" " ind1=" ">
      <subfield code="a">Recursos humanos</subfield>
   </datafield>
   <datafield ind2="0" ind1="0" tag="245">
      <subfield code="a">Gestión Internacional de los Recursos Humanos. El caso de la expatriación-repatriación de directivos de las empresas energéticas del IBEX-35</subfield>
   </datafield>
</record>
</metadata></record></GetRecord></OAI-PMH>